Nutritional supplements in sport, exercise and health : an A-Z guide (Record no. 18876)
[ view plain ]
| 000 -LEADER | |
|---|---|
| fixed length control field | 00867nam a2200265 a 4500 |
| 001 - CONTROL NUMBER | |
| control field | 156478 |
| 003 - CONTROL NUMBER IDENTIFIER | |
| control field | OSt |
| 005 - DATE AND TIME OF LATEST TRANSACTION | |
| control field | 20211005162623.0 |
| 008 - FIXED-LENGTH DATA ELEMENTS--GENERAL INFORMATION | |
| fixed length control field | 181025 ### HIN |
| 020 ## - INTERNATIONAL STANDARD BOOK NUMBER | |
| International Standard Book Number | 9781138777644 |
| 082 ## - DEWEY DECIMAL CLASSIFICATION NUMBER | |
| Classification number | 615.1 |
| Item number | N95N |
| 245 ## - TITLE STATEMENT | |
| Title | Nutritional supplements in sport, exercise and health : an A-Z guide |
| Statement of responsibility, etc | edited by Linda M. Castell, Samantha J. Stear and Louis M. Burke |
| 260 ## - PUBLICATION, DISTRIBUTION, ETC. (IMPRINT) | |
| Place of publication, distribution, etc | London |
| Name of publisher, distributor, etc | Routledge, Taylor & Francis Group |
| Date of publication, distribution, etc | 2015 |
| 300 ## - PHYSICAL DESCRIPTION | |
| Extent | xxviii, 426p. |
| 653 ## - INDEX TERM--UNCONTROLLED | |
| Uncontrolled term | Dietary supplements |
| 653 ## - INDEX TERM--UNCONTROLLED | |
| Uncontrolled term | Athletes--Nutrition |
| 653 ## - INDEX TERM--UNCONTROLLED | |
| Uncontrolled term | Physical fitness--Nutritional aspects |
| 653 ## - INDEX TERM--UNCONTROLLED | |
| Uncontrolled term | Exercise--Physiological aspects |
| 653 ## - INDEX TERM--UNCONTROLLED | |
| Uncontrolled term | Runners (Sports)--Nutrition |
| 653 ## - INDEX TERM--UNCONTROLLED | |
| Uncontrolled term | Exercise |
| 700 ## - ADDED ENTRY--PERSONAL NAME | |
| Personal name | Castell, Linda M. |
| Relator term | Editor |
| 700 ## - ADDED ENTRY--PERSONAL NAME | |
| Personal name | Stear, Samantha J. |
| Relator term | Editor |
| 700 ## - ADDED ENTRY--PERSONAL NAME | |
| Personal name | Burke, Louis M. |
| Relator term | Editor |
| 942 ## - ADDED ENTRY ELEMENTS (KOHA) | |
| Source of classification or shelving scheme | Dewey Decimal Classification |
| Koha item type | Books |
| Withdrawn status | Lost status | Source of classification or shelving scheme | Damaged status | Not for loan | Collection code | Home library | Current library | Date acquired | Source of acquisition | Total Checkouts | Full call number | Barcode | Date last seen | Date checked out | Price effective from | Koha item type |
|---|---|---|---|---|---|---|---|---|---|---|---|---|---|---|---|---|
| Dewey Decimal Classification | General Text Book | Central University Of Rajasthan | Central University Of Rajasthan | 25/10/2018 | SPS | 1 | 615.1 N95N | 31418 | 11/04/2023 | 06/04/2023 | 02/09/2020 | Books |
